| 000 | 00856nam a2200229 i 4500 | ||
|---|---|---|---|
| 001 | 85439 | ||
| 003 | ES-MaACL | ||
| 005 | 20251214063015.0 | ||
| 007 | t| | ||
| 008 | 041129s1960 sp ||||1| spa d | ||
| 100 | 0 |
_aJuan de la Cruz, _cSanto, _d1542-1591 _967110 |
|
| 245 | 1 | 0 |
_aVida y obras de San Juan de la Cruz / _cbiografía por Crisógono de Jesús ; revisión del texto póstumo por Matías del Niño Jesús. |
| 250 | _a4ª ed. | ||
| 260 |
_aMadrid : _bBiblioteca de Autores Cristianos, _c1960. |
||
| 300 |
_aXV, 1217 p. ; _c18 cm. |
||
| 490 | 1 |
_aBiblioteca de autores cristianos ; _v15 |
|
| 700 | 0 |
_aCrisógono de Jesús Sacramentado ( _d1904-1945) _941621 |
|
| 700 | 1 |
_aMatías del Niño Jesús. _979064 |
|
| 830 | 0 | 0 |
_aBiblioteca de autores cristianos _v15 _9178679 |
| 852 |
_aES-MaACL _jC-18899 _bR.46592 |
||
| 999 |
_c85439 _d85439 |
||